000 00396nam a2200157Ia 4500
008 230312s9999||||xx |||||||||||||| ||und||
020 _a1 86197 459-0
082 _a650
_bKOU-B
100 _aJeremy Kourdi
245 0 _aBusiness Strategy
260 _bProfile Books LTD
_aLondon
_c2003
300 _a246
546 _aEng.
650 _aManagement
_vIntroduction, Forces at work
942 _cBK
999 _c1319
_d1319